| 000 | 00487nam a22001337a 4500 | ||
|---|---|---|---|
| 999 |
_c525279 _d525279 |
||
| 008 | 240221b ||||| |||| 00| 0 eng d | ||
| 100 |
_aKharay, Chirmi and Srivastava, Kavya _950007 |
||
| 245 | _aSino-Pakistani nuclear collaboration: The US assessment | ||
| 260 | _aWorld Affairs: The Journal of International Issues | ||
| 300 | _a27(4), Oct-Dec, 2023: p.62-81 | ||
| 773 | _aWorld Affairs: The Journal of International Issues | ||
| 906 | _aINTERNATIONAL RELATIONS | ||
| 942 | _cAR | ||